000 00317nam a2200133Ia 4500
008 191201s2005 xx 000 0 und d
082 _a658.301
_bGAE
100 _aGARG, Vinod
245 0 _aEnterprise Resource Planning
260 _aN.Delhi
_bPrentice Hall
_c2005
300 _a185
650 _aMBA
942 _2ddc
_cBK
999 _c2659
_d2659